Cerdas IQ matematik KBSR [

Bibliographic Details
Format: Book
Published: Petaling Jaya : EM Online , 1997
Subjects:

MARC

LEADER 00000cam a2200000 7i4500
001 0000018345
002 000019971
005 20000330.0
090 0 0 |a 510   |b CER 
245 0 0 |a Cerdas IQ matematik KBSR [  |h compct disc] 
260 |a Petaling Jaya :   |b EM Online ,   |c 1997 
300 |a 2 CD-ROM 
650 0 0 |a Mathematic   |x Study and teaching 
999 |a CDR 00450   |b CD-ROM   |c PINJAMAN   |e PERPUSTAKAAN KOMUNITI PETALING JAYA 
999 |a CDR00449   |b CD-ROM   |c JUNIOR REFERENCE   |e PERPUSTAKAAN KOMUNITI PETALING JAYA 
999 |a CDR00450   |b CD-ROM   |c JUNIOR REFERENCE   |e PERPUSTAKAAN KOMUNITI PETALING JAYA